Animals By Picture - Letter S - Statistics

General Stats
  • This quiz has been taken 481 times
  • The average score is 11 of 15
Answer Stats
Picture Answer % Correct
Seal
99%
Sheep
98%
Shark
94%
Seahorse
93%
Skunk
93%
Sloth
92%
Starfish
91%
Spider
90%
Salmon
83%
Snowy Owl
65%
Shrew
59%
Sparrow
56%
Spoonbill
46%
Skink
44%
Springbok
41%
No matching quizzes found
Score Distribution
Percent of People with Each Score
Percentile by Number Answered
Your Score History
You have not taken this quiz